Whales & dolphins / (Record no. 6599)

MARC details
000 -LEADER
fixed length control field 01015nam a2200325 a 4500
001 - CONTROL NUMBER
control field 6599
003 - CONTROL NUMBER IDENTIFIER
control field FISKH
005 - DATE AND TIME OF LATEST TRANSACTION
control field 20260410105911.0
008 - FIXED-LENGTH DATA ELEMENTS--GENERAL INFORMATION
fixed length control field 940310s1994 ilua j 000 0 eng d
010 ## - LIBRARY OF CONGRESS CONTROL NUMBER
LC control number 94193809
020 ## - INTERNATIONAL STANDARD BOOK NUMBER
International Standard Book Number 1561562262 :
020 ## - INTERNATIONAL STANDARD BOOK NUMBER
International Standard Book Number 040296002265
040 ## - CATALOGING SOURCE
Original cataloging agency OCl
Transcribing agency OCl
Modifying agency DLC
Language of cataloging eng
050 ## - LIBRARY OF CONGRESS CALL NUMBER
Classification number QL737.C4 E48
082 ## - DEWEY DECIMAL CLASSIFICATION NUMBER
Classification number 599.5
100 1# - MAIN ENTRY--PERSONAL NAME
Personal name Ericson, Anton.
245 10 - TITLE STATEMENT
Title Whales & dolphins /
Statement of responsibility, etc. written by Anton Ericson.
260 ## - PUBLICATION, DISTRIBUTION, ETC.
Place of publication, distribution, etc. Chicago :
Name of publisher, distributor, etc. Kidsbooks,
Date of publication, distribution, etc. 1994.
300 ## - PHYSICAL DESCRIPTION
Extent 29 pages :
Other physical details color illustrations ;
Dimensions 24 cm
440 #0 - SERIES STATEMENT/ADDED ENTRY--TITLE
Title Eyes on nature
500 ## - GENERAL NOTE
General note Spine title: Whales and dolphins.
520 ## - SUMMARY, ETC.
Summary, etc. A brief introduction to the physical characteristics, habits, and natural environment of various species of whales and dolphins.
650 #0 - SUBJECT ADDED ENTRY--TOPICAL TERM
Topical term or geographic name entry element Whales
General subdivision Juvenile literature.
650 #0 - SUBJECT ADDED ENTRY--TOPICAL TERM
Topical term or geographic name entry element Dolphins
General subdivision Juvenile literature.
650 #1 - SUBJECT ADDED ENTRY--TOPICAL TERM
Topical term or geographic name entry element Whales.
650 #1 - SUBJECT ADDED ENTRY--TOPICAL TERM
Topical term or geographic name entry element Dolphins.
906 ## - LOCAL DATA ELEMENT F, LDF (RLIN)
a 7
b cbc
c copycat
d 3
e ncip
f 19
g y-gencatlg
942 ## - ADDED ENTRY ELEMENTS (KOHA)
Source of classification or shelving scheme Dewey Decimal Classification
Koha item type Books
Suppress in OPAC No
Holdings
Withdrawn status Lost status Source of classification or shelving scheme Damaged status Not for loan Collection Home library Current library Shelving location Date acquired Total Checkouts Full call number Barcode Date last seen Copy number Price effective from Koha item type
    Dewey Decimal Classification     Non-Fiction Footprints International School Library Network Toul Kork Campus Footprints International School Library Network Toul Kork Campus A TK Campus, 4th Floor, Room B401, Non-Fiction Bookcases(7-8) 05/13/2025   ERIC 599.5 QL737.C4 E48 FISTKG4B038 05/13/2025 1 05/13/2025 Books
    Dewey Decimal Classification     Non-Fiction Footprints International School Library Network Toul Tom Poung Campus Footprints International School Library Network Toul Tom Poung Campus TTP Secondary Non-Fiction Bookshelves 04/10/2026   ERIC 599.5 QL737.C4 E48 2026-0501 04/10/2026 2 04/10/2026 Books